Normal view
MARC view
- Literatura índica
Entry Materia
001 - NÚMERO DE CONTROL DEL REGISTRO
- campo de control: 12715
003 - IDENTIFICADOR DE NUMERO DE CONTROL
- campo de control: UPN
005 - FECHA Y HORA DE LA ÚLTIMA TRANSACCIÓN
- campo de control: 20220527174143.0
008 - DATOS DE LONGITUD FIJA
- campo de control de longitud fija: 220527nn acannaabn n ana d
035 ## - NÚMERO DE CONTROL DEL SISTEMA
- Número de control del sistema: UPN10000012723
040 ## - FUENTE DE LA CATALOGACIÓN
- Lengua de catalogación: SPA
- Agencia de transcripción: UPN
- Centro catalogador de origen: UPN
046 ## - FECHAS CON CODIFICACIÓN ESPECIAL
- Fecha final para contenidos agregados: 2022
150 ## - ENCABEZAMIENTO - TEMÁTICO
- Término de materia o nombre geográfico como elemento inicial: Literatura índica
550 ## - VÉASE ADEMÁS - MATERIA
- Encabezamiento temático o nombre geográfico como elemento de entrada: Literatura hindú
550 ## - VÉASE ADEMÁS - MATERIA
- Encabezamiento temático o nombre geográfico como elemento de entrada: Cuentos índicos
670 ## - FUENTE EN LA QUE SE LOCALIZARON DATOS
- Cita de la fuente: LC
- Información localizada: Indic literature
680 ## - NOTA GENERAL CON DESPLIEGUE PÚBLICO
- Encabezamiento: Aqui se asientan las obras relacionadas con la literatura de la India en general, literatura indo-aria y obras no monolingües
902 ## - CATALOGADOR
- Catalogador: MEEG/110809
